000 00665nam a2200229Ia 4500
003 OSt
005 20220923221933.0
006 a|||||r|||| 00| 0
007 ta
008 220922b |||||||| |||| 00| 0 hin d
024 _a201,249
037 _cTextual
040 _aARTS
_cARTS
_bhin
041 _2hin
_ahin
082 _aV2:2501x7, 152K2
100 _aमालवीय, पद्मकान्त
245 0 _aमालवीय जी के खेल
246 _aMālavīya jī ke khela
260 _c1973
942 _hV2:2501x7, 152K2
_cTEXL
_2CC
999 _c352902
_d352902